Statistics for Biggest Enemies of the United States During Different Years

Click here to take the quiz!

General Stats

  • This quiz has been taken 370 times
  • The average score is 12 of 14

Answer Stats

YearBiggest Enemy% Correct
1776England
97%
1957Soviet Union
97%
1918Germany
96%
2016Iraq / Syria (ISIS)
94%
1941Japan
94%
2003Iraq
91%
1950(North) Korea
90%
1846Mexico
89%
1898Spain
85%
2001Afghanistan
82%
1955(North) Vietnam
79%
1962Cuba
75%
1861Confederate States of America
58%
1899Philippines
38%

Score Distribution

Percentile by Number Answered

Percent of People with Each Score

Your Score History

You have not taken this quiz